| 000 | 00582nam a2200181 a 4500 | ||
|---|---|---|---|
| 001 | 000039940 | ||
| 005 | 20201002033824.0 | ||
| 008 | 130731s1969 sp 000 0 spa d | ||
| 040 |
_aDO-SdBNP _bspa _cBNPHU |
||
| 082 | _axxx | ||
| 100 | 1 |
_aLewis, Norman _966150 |
|
| 240 | 1 | 0 |
_aThe honoured society _lespañol |
| 245 | 1 | 3 |
_aLa virtuosa compañía : _b(Mafia) / _cNorman Lewis ; traducción Laura Pujol y Ángel Abad. |
| 260 |
_aBarcelona, España : _bSeix Barral, _c1969. |
||
| 300 |
_a267 p. ; _c19 cm. |
||
| 700 | 1 |
_aPujol, Laura, _etr. _966151 |
|
| 700 | 1 |
_aAbad, Ángel, _etr. _966152 |
|
| 999 |
_c39430 _d39430 |
||